| 000 | 00356nam a22001457a 4500 | ||
|---|---|---|---|
| 005 | 20250613090955.0 | ||
| 008 | 250613b |||||||| |||| 00| 0 eng d | ||
| 020 | _a9780310280811 | ||
| 050 |
_aBS570 _bLOC |
||
| 100 | _aLOCKYER HERBERT | ||
| 245 | _aALL THE MEN OF THE BIBLE | ||
| 260 |
_aMICHIGAN _bZONDERVAN _cc1958 |
||
| 300 | _a381p | ||
| 942 |
_2lcc _cBK _n0 |
||
| 999 |
_c6436 _d6436 |
||